00534nam a22001697a 4500999001900000005001700019010001300036020002600049037002200075100003100097245006200128250001100190260003900201270007900240300002800319942001700347 c181795d18179520211006114856.0 aEN230921 a9789386446183c350.00 bSage Publications aChowdhuri, Satyabrata Rai  aLeftism in India 1917-1947 /cby Satyabrata Rai Chowdhuri a2nd ed aNew DelhibSage Publicationsc2017 aB1/I-1, Mohan Cooperative Industrial Area, Mathura RoadbNew Delhie110044 axviii, 190p.c24cm(pbk) 2ddccENmCHO